000 00810nam a22002177a 4500
005 20250528132414.0
008 250426b |||||||| |||| 00| 0 eng d
020 _a9789391820688
040 _cAIMIT LIBRARY
082 _2519.5
_bGUPS
100 _aClassification and tabulations
_9208858
245 _aIntroductory business statistics :
_baccording to national education policy (NEP) 2020 for all UP state universities /
_cBy S.P. Gupta.
250 _a1st ed.
260 _aNew Delhi :
_bSultan Chand and Sons,
_c2023.
300 _axiv,10.44,A6
_bPB
_c25 cm.
650 _aClassification and tabulation
_9208859
650 _aDiagrammatic and graphic presentation
_9208860
650 _aMeasures of central tendency
_9208861
650 _aMeasures of variation
_9208862
942 _2ddc
_cBK
_e1
_k519.5 GUPS
999 _c234239
_d234239